000 00879naa a2200205 4500
001 2162214035925079
003 UA-OsUOA
005 20240626094142.0
008 240626b un ||||| |||| 00| 0 ukr d
040 _aUA-OsUOA
_bukr
_cUA-OsUOA
_dUA-OsUOA
041 _aukr
080 _a908
090 _a908
100 _aГаврилюк О. Н.
_93399
245 _aМісцеві адміністрації Волині періоду Української революції 1917–1921 рр.
_cО. М. Гаврилюк
300 _aС. 80–86
650 _2UDC
773 0 _0573674
_9472530
_aСтарокостянтинівська міська рада
_dСтарокостянтинів Мельник А. А. 2019
_o167415
_tСтарокостянтинівщина та національно-визвольні змагання
_z9786177600502
942 _2udc
_cBKA
999 _c576633
_d576633